Φορτώνει......
Changing world of the executive
| Κύριος συγγραφέας: | |
|---|---|
| Μορφή: | Printed Book |
| Έκδοση: |
Allied Publishers Pvt. Ltd., Bombay
1983
|
| Θέματα: |
| LEADER | 00492nam a2200157 4500 | ||
|---|---|---|---|
| 082 | |a 658.0202 DRU-C | ||
| 100 | |a Drucker, Peter F | ||
| 245 | |a Changing world of the executive |c Drucker, Peter F | ||
| 250 | |||
| 260 | |a Allied Publishers Pvt. Ltd., Bombay |c 1983 | ||
| 300 | |a 271 p | ||
| 490 | |||
| 650 | |a General management--Handbooks | ||
| 942 | |c BK | ||
| 999 | |c 124360 |d 124360 | ||
| 952 | |0 0 |1 0 |4 0 |6 658_020200000000000_DRUC |7 0 |9 137822 |a COM |b COM |l 0 |o 658.0202 DRU-C |p COM00480 |r 2019-10-24 |w 2019-10-24 |y BK | ||